00475 2200193 4500245004000000020002200040250001100062100001700073700001200090700002300102650001700125005001900142260004100161041001400202084001300216300003200229336000900261338001100270 aKaiser Z Vol. 5cUno, HiroshihText a978-979-27-5511-4 aCet. 1 aUno, Hiroshi aBinarti aDudi Yudia Permana aKomik Jepang a20230202091205 aJakartabElex Media Komputindoc2009 aIndonesia a741.5592 a... jil. :bilus. ;c17 cm. atext avolume